First Vowel 'O' Countries Quiz Stats

Quiz Updated Jun 18, 2015

Challenge
Share
Tweet
Embed
Score 0/34 Timer 05:00
0 Plays Today
Country % Correct
Oman
83.9%
South Korea
82.5%
Norway
82.3%
Poland
80.2%
Bolivia
79.8%
Colombia
79.3%
Portugal
78.6%
South Africa
77.3%
North Korea
74.7%
Morocco
73.3%
Togo
72%
Romania
71.5%
Monaco
67.2%
Dominica
66.7%
Mongolia
66.7%
Botswana
66.4%
Kosovo
66.2%
Country % Correct
Somalia
66.1%
Dominican Republic
65.9%
South Sudan
65.8%
Honduras
65.2%
Comoros
64.3%
Moldova
63.3%
Costa Rica
62.4%
Bosnia and Herzegovina
61.9%
Jordan
61.6%
Tonga
60.8%
Montenegro
60.4%
Slovakia
57.5%
Slovenia
57.2%
Mozambique
55.8%
Croatia
53.7%
Côte d’Ivoire
50.4%
Solomon Islands
46.2%

You're not logged in!

Compare scores with friends on all Sporcle quizzes.
Join for Free
OR
Log In

You Might Also Like...

Show Comments

Extras

Top Quizzes Today


Score Distribution

Your Account Isn't Verified!

In order to create a playlist on Sporcle, you need to verify the email address you used during registration. Go to your Sporcle Settings to finish the process.

Report this User

Report this user for behavior that violates our Community Guidelines.

Details: